<The> Main issues of marketing strategy for 3G mobile services

Analýza dostupných poznatkov z predaja 2 G mobilných služieb. Určenie východzích predpokladov kľúčových prvkov marketingovej stratégie 3G mobilných služieb. Základné kategórie 3G mobilných služieb, ktoré by mohli byť ponúknuté zákazníkom. Proces tvorby marketingovej stratégie sa orientuje na identif...

Descripción completa

Guardado en:
Detalles Bibliográficos
Autor principal: Tokarčíková, Emese
Formato: Capítulo de libro
Lenguaje:inglés
Materias:
Etiquetas: Agregar Etiqueta
Sin Etiquetas, Sea el primero en etiquetar este registro!

MARC

LEADER 00000naa$a2200000$$$4500
001 0026392
005 20231107070608.8
041 0 |a eng 
044 |a CZ 
245 1 0 |a <The> Main issues of marketing strategy for 3G mobile services  |c Emese Tokarčíková 
520 |a Analýza dostupných poznatkov z predaja 2 G mobilných služieb. Určenie východzích predpokladov kľúčových prvkov marketingovej stratégie 3G mobilných služieb. Základné kategórie 3G mobilných služieb, ktoré by mohli byť ponúknuté zákazníkom. Proces tvorby marketingovej stratégie sa orientuje na identifikáciu trhových príležitostí, určenie segmentačných kritérií a definíciu jednotlivých trhových segmentov. 
610 2 0 |a siete mobilné 
610 2 0 |a operátori 
610 2 0 |a stratégia marketingová 
610 2 0 |a služby 
610 2 0 |a zákazníci 
610 2 0 |a segmentácia trhu 
100 1 |a Tokarčíková, Emese